Prevention and Treatment of Local Breast Cancer Recurrence Using 6.3 MeV Fast Neutrons; Advanced Materials Research : Radiation and nuclear techniques in material science; Vol. 1084 : Physical-Technical Problems of Nuclear Science, Energy Generation, and Power Industry (PTPAI -2014)

Dades bibliogràfiques
Parent link:Advanced Materials Research : Radiation and nuclear techniques in material science: Scientific Journal
Vol. 1084 : Physical-Technical Problems of Nuclear Science, Energy Generation, and Power Industry (PTPAI -2014).— 2015.— [P. 447-450]
Autor corporatiu: Национальный исследовательский Томский политехнический университет (ТПУ) Физико-технический институт (ФТИ) Кафедра прикладной физики (№ 12) (ПФ)
Altres autors: Velikaya V., Musabaeva L., Lisin V. A. Valery Andreevich, Startseva Z.
Sumari:Title screen
The study included 138 breast cancer patients, who received the complex treatment and radiotherapy alone with the use of 6.3 MeV fast neutrons generated within U-120 cyclotron. Neutron therapy used for the prevention of local recurrence was shown to be effective in multimodality treatment of patients with locally advanced breast cancer, and in cases with locally advanced tumor recurrences it is often the only treatment to prolong life of breast cancer patients.
Режим доступа: по договору с организацией-держателем ресурса
Idioma:anglès
Publicat: 2015
Col·lecció:Radiation Technologies in Medicine
Matèries:
Accés en línia:http://dx.doi.org/10.4028/www.scientific.net/AMR.1084.447
Format: MixedMaterials Electrònic Capítol de llibre
KOHA link:https://koha.lib.tpu.ru/cgi-bin/koha/opac-detail.pl?biblionumber=640408

MARC

LEADER 00000nla2a2200000 4500
001 640408
005 20231101134119.0
035 |a (RuTPU)RU\TPU\network\4955 
035 |a RU\TPU\network\4954 
090 |a 640408 
100 |a 20150416a2015 k y0engy50 ba 
101 0 |a eng 
105 |a y z 100zy 
135 |a drcn ---uucaa 
181 0 |a i  
182 0 |a b 
200 1 |a Prevention and Treatment of Local Breast Cancer Recurrence Using 6.3 MeV Fast Neutrons  |f V. Velikaya [et al.] 
203 |a Text  |c electronic 
225 1 |a Radiation Technologies in Medicine 
300 |a Title screen 
330 |a The study included 138 breast cancer patients, who received the complex treatment and radiotherapy alone with the use of 6.3 MeV fast neutrons generated within U-120 cyclotron. Neutron therapy used for the prevention of local recurrence was shown to be effective in multimodality treatment of patients with locally advanced breast cancer, and in cases with locally advanced tumor recurrences it is often the only treatment to prolong life of breast cancer patients. 
333 |a Режим доступа: по договору с организацией-держателем ресурса 
461 1 |0 (RuTPU)RU\TPU\network\4598  |t Advanced Materials Research : Radiation and nuclear techniques in material science  |o Scientific Journal 
463 1 |0 (RuTPU)RU\TPU\network\4600  |t Vol. 1084 : Physical-Technical Problems of Nuclear Science, Energy Generation, and Power Industry (PTPAI -2014)  |o The VIth International Conference, June 5-7, 2014, Tomsk, Russia  |o [proceedings]  |f National Research Tomsk Polytechnic University (TPU)  |v [P. 447-450]  |d 2015 
610 1 |a электронный ресурс 
610 1 |a труды учёных ТПУ 
610 1 |a рак 
610 1 |a нейтронная терапия 
701 1 |a Velikaya  |b V. 
701 1 |a Musabaeva  |b L. 
701 1 |a Lisin  |b V. A.  |c physicist  |c Professor of Tomsk Polytechnic University, Doctor of technical sciences  |f 1945-  |g Valery Andreevich  |2 stltpush  |3 (RuTPU)RU\TPU\pers\34244 
701 1 |a Startseva  |b Z. 
712 0 2 |a Национальный исследовательский Томский политехнический университет (ТПУ)  |b Физико-технический институт (ФТИ)  |b Кафедра прикладной физики (№ 12) (ПФ)  |h 46  |2 stltpush  |3 (RuTPU)RU\TPU\col\18729 
801 2 |a RU  |b 63413507  |c 20161228  |g RCR 
856 4 |u http://dx.doi.org/10.4028/www.scientific.net/AMR.1084.447 
942 |c CF